000 01363nam0a22002891 4500
001 v19\rc\1636944
005 20250618234843.0
035 _a(NLR Aleph) 004750875
090 _a4536768
_c4536768
100 _a20061002d1900 |||y0rusy50 ca
101 0 _arus
102 _aRU
105 _ay j |||||
200 1 _aОтчет ординарного профессора Казанского университета, действительного статского советника Нагуевского, о письменных работах по латинскому языку, исполненных учениками VIII класса и посторонними лицами на испытаниях зрелости в 9 гимназиях Казанского учебного округа в 1898 году
210 _aКазань
_cтипо-лит. Ун-та
_d1900
215 _a21 с.
_d25
300 _aИзд. 1897 г. описано под наименованием учебного округа
309 _aБез тит. л. и обл.
700 1 _aНагуевский
_bД.И.
_f1845-1918
_gДарий Ильич
801 0 _aRU
_bNLR
_gpsbo
801 0 _aRU
_bRuMoRGB
_2psbo
801 1 _aRU
_bProSoft-M
_2rusmarc
852 _aNLR
_j18.146.3.489
899 _aRuMoRGB
_jE 58/788
899 _aБАН
942 _cBOOK
980 _aNB